[Event "Bergheim op"]
[Site "Bergheim"]
[Date "2003.09.13"]
[Round "4"]
[White "Guelden, Ralf"]
[Black "Richrath, Martin"]
[Result "1/2-1/2"]
[WhiteElo "1586"]
[BlackElo "1807"]
[PlyCount "105"]
[EventDate "2003.09.11"]
[EventType "swiss"]
[EventRounds "7"]
[EventCountry "GER"]
[SourceTitle "EXT 2006"]
[Source "ChessBase"]
[SourceDate "2005.11.24"]
[SourceVersion "1"]
[SourceVersionDate "2005.11.24"]
[SourceQuality "1"]

1. Nf3 e6 2. d4 Nf6 3. g3 b6 4. Bg2 Bb7 5. 0-0 d5 6. Bg5 Bd6 7. Nbd2 c5 8. c3 Nbd7 9. Re1 Qc7 10. Rc1 0-0 11. Bxf6 Nxf6 12. Nf1 a5 13. N3d2 Ne4 14. f3 Nxd2 15. Qxd2 Qe7 16. e4 cxd4 17. exd5 Bxd5 18. Kh1 Bc5 19. a3 Rfd8 20. cxd4 Bb3 21. Qc3 Bxd4 22. Qxb3 a4 23. Qc2 Ra5 24. Red1 Rc5 25. Qxa4 Rxc1 26. Rxc1 Bxb2 27. Rb1 Qf6 28. Qb3 Bd4 29. Ne3 Qe5 30. Rd1 Rc8 31. Qd3 Bc5 32. Nc4 Qb8 33. Ne3 g6 34. Nc2 Bf8 35. Bf1 Qc7 36. Nb4 Ra8 37. Qc2 Qa7 38. Rd3 Qa5 39. Rb3 Qe5 40. Kg2 Bc5 41. Nd3 Qa1 42. Nxc5 bxc5 43. Qb2 Qxb2+ 44. Rxb2 Rxa3 45. Rc2 Ra5 46. Kf2 Kf8 47. Bd3 Ke7 48. Ke3 Kd6 49. h4 f6 50. Rb2 Kc7 51. Rb5 Rxb5 52. Bxb5 Kd6 53. Bc4 1/2-1/2

[Event "Bergheim op"]
[Site "Bergheim"]
[Date "2003.09.13"]
[Round "5"]
[White "Richrath, Martin"]
[Black "Dresen, Dietmar"]
[Result "1-0"]
[WhiteElo "1807"]
[BlackElo "1543"]
[PlyCount "55"]
[EventDate "2003.09.11"]
[EventType "swiss"]
[EventRounds "7"]
[EventCountry "GER"]
[SourceTitle "EXT 2006"]
[Source "ChessBase"]
[SourceDate "2005.11.24"]
[SourceVersion "1"]
[SourceVersionDate "2005.11.24"]
[SourceQuality "1"]

1. e4 e6 2. d4 d5 3. Nc3 Nf6 4. Bg5 dxe4 5. Bxf6 Qxf6 6. Nxe4 Qd8 7. Nf3 Nd7 8. Bd3 Be7 9. Qe2 Nf6 10. Neg5 h6 11. Nxf7 Kxf7 12. Ne5+ Kg8 13. Ng6 Rh7 14. 0-0-0 Qd6 15. f4 Bd7 16. Bc4 b5 17. Bb3 Re8 18. Rhe1 c6 19. Ne5 Nd5 20. Nxd7 Qxd7 21. Qxe6+ Qxe6 22. Rxe6 Kf8 23. Rde1 h5 24. Rxc6 Nb6 25. Rc7 Bd6 26. Rf7+ Kg8 27. Rxe8+ Bf8 28. Rexf8# 1-0